| 000 | 00999cam a2200253 a 4500 | ||
|---|---|---|---|
| 005 | 20250331184435.0 | ||
| 008 | 140421s2019 ck gr 001 0 spa | ||
| 015 | _ack-2014-xxxx | ||
| 020 | _a978-958-769-888-6 | ||
| 040 |
_aCO-CtgCURN _bspa _ccoctgcurn |
||
| 082 | 0 | 4 |
_a344.86101 _bI76 _223 |
| 100 | 1 | _aIsaza Cadavid, Germán. | |
| 245 | 1 | 0 |
_aDerecho laboral aplicado : _bderecho laboral general, individual y colectivo, seguridad social y pensiones, procedimiento laboral / _cGermán Isaza Cadavid. |
| 250 | _aDecimo octava edicion. | ||
| 260 |
_aBogotá : _bLeyer, _c2019. |
||
| 300 |
_axxxii, 874 paginas ; _c25 cm. |
||
| 500 | _aIncluye índice alfabético de materias. | ||
| 596 | _a7 | ||
| 650 | 1 | 4 |
_aDerecho laboral _zColombia. |
| 650 | 2 | 4 |
_aProcedimiento laboral _zColombia. |
| 942 |
_aBK _cBK _h344.86101 _iI76 _2ddc |
||
| 990 |
_a2014-4946 _bLeyer _c2 ejemplares _d21 _e21/04/2014 _ga922403 _m10/04/2014 _n10/04/2014 |
||
| 999 |
_c19705 _d19705 |
||